Cycling - World Tour Races 2023 - Statystyki

Ogólne statystyki
  • Ten quiz został rozwiązany 36 razy
  • Średni wynik to 20 z 35
Statystyki odpowiedzi
Country Data Race % Poprawnych
Italy 6-28 May Giro d'Italia
100%
France 1-23 July Tour de France
100%
Spain 26 August - 17 September Vuelta a España
97%
Poland 29 July - 4 August Tour of Poland
93%
France 9 April Paris-Roubaix
79%
Italy 4 March Strade Bianche
72%
UAE 20-26 January UAE Tour
72%
Netherlands 16 April Amstel Gold Race
69%
France 5-12 March Paris-Nice
69%
Belgium 2 April Tour of Flanders
69%
Italy 7 October Il Lombardia
66%
Belgium 23 April Liège-Bastogne-Liège
66%
Italy 6-12 March Tirreno-Adriatico
66%
Switzerland 25-30 April Tour de Romandie
66%
Australia 17-22 January Tour Down Under
66%
Italy 18 March Milan-San Remo
62%
Spain 20-26 March Volta a Catalunya
62%
Belgium 25 February Omloop Het Nieuwsblad
59%
France 4-11 June Critérium du Dauphiné
55%
Spain 29 July Clásica de San Sebastián
52%
Canada 10 September GP Cycliste de Montréal
52%
Canada 8 September GP Cycliste de Quèbec
52%
Belgium 24 March E3 Harelbeke Saxo Bank Classic
48%
Australia 29 January Cadel Evans Great Ocean Road Race
45%
Belgium 26 March Gent-Wevelgem
45%
Spain 3-8 April Tour of Basque Country
45%
Belgium 29 March Dwars door Vlaanderen
41%
Belgium/Netherlands 23-29 August Benelux Tour
38%
China 12-17 October Tour of Guangxi
38%
Germany 1 May Eschborn-Frankfurt
34%
Germany 20 August Hamburg Cyclassics
34%
Belgium 19 April La Flèche Wallonne
34%
Belgium 22 March Classic Brugge-De Panne
31%
France 3 September Bretagne Classic
21%
Switzerland 11-18 June Tour of Switzerland
21%
Nie znaleziono quizów pasujących do podanych kryteriów
Rozkład punktacji
Procent ludzi z każdym wynikiem
Percentyl według liczby udzielonych odpowiedzi
Twoja historia wyników
Nie rozwiązałeś tego quizu